| 000 | 00583nam a2200217Ia 4500 | ||
|---|---|---|---|
| 005 | 20260429111922.0 | ||
| 008 | 260429s9999||||xx |||||||||||||| ||und|| | ||
| 020 | _a9783031672675 | ||
| 041 | _aEnglish | ||
| 082 |
_a005.74 _bSAR |
||
| 100 | _aSargiotis, Dimitrios | ||
| 245 | 0 |
_aData governance : _ba guide / _cDimitrios Sargiotis |
|
| 250 | _a1st ed. | ||
| 260 |
_aSwitzerland : _bSpringer, _c2024. |
||
| 300 | _axxxii, 539 p.; pbk | ||
| 650 | _a Data policy | ||
| 650 | _a Data security | ||
| 650 | _a Information management | ||
| 650 | _aData governance | ||
| 942 | _cTB | ||
| 999 |
_c51425 _d51425 |
||